| 000 | 00489nam a2200181 a 4500 | ||
|---|---|---|---|
| 001 | 2923 | ||
| 003 | CDMR | ||
| 005 | 20130524110225.0 | ||
| 008 | 130130s1972||||||||||||||||||||||||||||d | ||
| 040 |
_aCDMR _bcat _cCDMR |
||
| 100 | 1 |
_aPradas Camp, Rafael _92148 |
|
| 245 | 1 | 0 |
_aMujer, publicidad y sociedad de consumo _cRafael Pradas Camps |
| 260 |
_aBarcelona _c1972 |
||
| 650 | 0 | 4 |
_93509 _aSocietat de consum |
| 650 | 0 | 4 |
_9875 _aPublicitat |
| 650 | 0 | 4 |
_93167 _aEstudis de dones |
| 942 |
_cTSN _2udc |
||
| 999 |
_c2923 _d2923 |
||